MARC

LEADER 00000nam0a2200000 4500
001 334807
005 20231102004706.0
010 |a 5283031499 
035 |a (RuTPU)RU\TPU\book\361100 
090 |a 334807 
100 |a 20170906d1993 k y0rusy50 ca 
101 0 |a rus 
102 |a RU 
105 |a a z 001zy 
200 1 |a Защита от сильнодействующих ядовитых веществ  |f М. Т. Максимов 
210 |a Москва  |c Энергоатомиздат  |d 1993 
215 |a 176 с.  |c ил. 
320 |a Библиогр.: с. 174 
606 |a Химические вещества  |x Токсичность  |2 stltpush  |3 (RuTPU)RU\TPU\subj\17214  |9 42997 
610 1 |a химическая безопасность 
610 1 |a обеспечение 
610 1 |a аварийные ситуации 
610 1 |a население 
610 1 |a защита 
610 1 |a химические аварии 
610 1 |a последействие 
610 1 |a ликвидация 
610 1 |a способы 
610 1 |a средства 
675 |a 613.63  |v 4 
700 1 |a Максимов  |b М. Т.  |g Максим Тимофеевич 
801 1 |a RU  |b 63413507  |c 20170906 
801 2 |a RU  |b 63413507  |c 20170926  |g RCR 
942 |c BK